00783 a2200157 4500003000500000005001700005040000900022082001600031100001800047245006500065250001200130260004600142300000900188505038000197650004800577Nust20230118153124.0 cNust a657.834,WHI aJohn A. White aPrinciples of engineering economic analysis /cJohn A. White a3rd ed. aIslamabadbNational book foundationc1962 a588p aIntroduction (Page-1), Cost Concepts (Page-25), Time Value of Money Operations (Page-67), Measuring the Worth of Investments (Page-147), Comparison of Alternatives (Page-176), Depreciation and Income Tax Considerations (Page-261), Economic Analysis of Projects in the Public Sector (Page-331), Break Even Sensitivity and Risk Analysis (Page-371), Decision Models (Page-417).  aPrinciples of engineering economic analysis